[Event "EU-Cup 38th"]
[Site "Durres"]
[Date "2023.10.07"]
[Round "7.6"]
[White "Andonovski, Ljubisa"]
[Black "Jashari, Ardian"]
[Result "1-0"]
[WhiteElo "2268"]
[BlackElo "2087"]
[PlyCount "187"]
[EventDate "2023.10.01"]
[EventType "team-swiss"]
[EventRounds "7"]
[EventCountry "ALB"]
[SourceTitle "EXT 2024"]
[Source "ChessBase"]
[SourceDate "2023.10.10"]
[SourceVersion "1"]
[SourceVersionDate "2023.10.10"]
[SourceQuality "1"]
[WhiteTeam "Gambit Asseco See"]
[BlackTeam "Dardania"]
[WhiteTeamCountry "MKD"]
[BlackTeamCountry "KOS"]

1. d4 Nf6 2. c4 e6 3. Nf3 d5 4. Nc3 Be7 5. Bg5 b6 6. e3 Bb7 7. Bxf6 Bxf6 8. cxd5 exd5 9. b4 0-0 10. Qb3 c6 11. Rd1 Qd6 12. Be2 Nd7 13. 0-0 Rfe8 14. Rfe1 a6 15. a4 Be7 16. Rb1 f5 17. a5 b5 18. Bd3 g6 19. Ne2 Bf8 20. Nf4 Bg7 21. Bf1 Bf8 22. Nd3 Bg7 23. Rec1 Re6 24. Qd1 Qe7 25. Rc2 Re8 26. Rbc1 g5 27. g3 Bf6 28. Bg2 Qf7 29. Nfe5 Bxe5 30. dxe5 g4 31. h4 gxh3 32. Bxh3 Rh6 33. Bg2 Nxe5 34. Nxe5 Rxe5 35. Qd4 Rhe6 36. Bf3 Qe7 37. Kg2 Rh6 38. Rh1 Ree6 39. Rcc1 Qd6 40. Rh4 Rxh4 41. Qxh4 Rf6 42. Rh1 h6 43. Qd4 Kf7 44. Rc1 Kg8 45. Rc3 Rf7 46. Rc1 Rf6 47. Kf1 Kf8 48. Ke2 Ke8 49. Rh1 Bc8 50. Kd2 Kd8 51. Kc3 Ke7 52. Rh4 Rg6 53. Qa7+ Qd7 54. Qb8 Rd6 55. Kd4 Kd8 56. Kc5 Rf6 57. Qb6+ Ke7 58. Kd4 Kf7 59. Kd3 Qe7 60. Bh5+ Kg7 61. Qd4 Kh7 62. Rf4 Re6 63. Bf3 Rg6 64. Kc3 Kg8 65. Be2 Rg7 66. Bd3 Rf7 67. Qb6 Qe5+ 68. Rd4 Qd6 69. Kd2 Kg7 70. Rf4 Qf6 71. Rd4 Qd6 72. Rf4 Qf6 73. Qb8 Qe6 74. Rh4 Rf8 75. Qb6 Qd6 76. Qd4+ Qf6 77. Kc3 Qxd4+ 78. Kxd4 Rf6 79. Kc5 Kf7 80. Kb6 Ke7 81. Kc7 Bd7 82. Rh5 c5 83. bxc5 Rc6+ 84. Kb7 Rxc5 85. Kxa6 b4 86. Rxh6 Rc3 87. Bb5 Be6 88. Rh4 b3 89. Rb4 d4 90. exd4 Bd5 91. Kb6 Kd6 92. a6 Rc1 93. a7 Ra1 94. Ba6 1-0

[Event "EU-Cup 36th"]
[Site "Struga"]
[Date "2021.09.22"]
[Round "5.6"]
[White "Andonovski, Ljubisa"]
[Black "Chatalbashev, Boris"]
[Result "0-1"]
[WhiteElo "2252"]
[BlackElo "2530"]
[PlyCount "108"]
[EventDate "2021.09.18"]
[EventType "team-swiss"]
[EventRounds "7"]
[EventCountry "MKD"]
[SourceTitle "CBM 204 Extra"]
[Source "ChessBase"]
[SourceDate "2021.11.30"]
[SourceVersion "1"]
[SourceVersionDate "2021.11.30"]
[SourceQuality "1"]
[WhiteTeam "Gambit Asseco See"]
[BlackTeam "XtraCon Team"]
[WhiteTeamCountry "MKD"]
[BlackTeamCountry "DEN"]

1. d4 Nf6 2. Nf3 g6 3. c4 Bg7 4. Nc3 d5 5. cxd5 Nxd5 6. e4 Nxc3 7. bxc3 c5 8. Be3 Bg4 9. Rb1 0-0 10. Rxb7 Nc6 11. Be2 Bxf3 12. Bxf3 cxd4 13. cxd4 Bxd4 14. Bxd4 Nxd4 15. 0-0 e5 16. Be2 Qc8 17. Rb2 Qc6 18. Qb1 Rac8 19. Bb5 Qd6 20. Rc1 Rxc1+ 21. Qxc1 Qa3 22. Bf1 Kg7 23. Qd2 Rc8 24. h4 h5 25. Rb7 Rc1 26. Rb2 Ra1 27. f4 Qc5 28. Qf2 exf4 29. Kh2 Qe5 30. Rd2 Ne6 31. Bc4 Nc5 32. Qd4 Qxd4 33. Rxd4 Re1 34. Rd5 Nxe4 35. Rd7 g5 36. hxg5 Nxg5 37. Rxa7 Rc1 38. Bb3 h4 39. Ra4 Rf1 40. Bc4 Rf2 41. Kg1 Rd2 42. Bf1 f3 43. Rf4 fxg2 44. Bxg2 h3 45. Bc6 Rxa2 46. Rf2 Ra6 47. Bd5 Rd6 48. Ba2 Kg6 49. Kh2 Kh5 50. Bc4 Rd4 51. Bxf7+ Kg4 52. Bb3 Nf3+ 53. Kh1 Kg3 54. Rb2 Re4 0-1

[Event "EU-Cup 36th"]
[Site "Struga"]
[Date "2021.09.21"]
[Round "4.6"]
[White "Jonsson, Gauti Pall"]
[Black "Andonovski, Ljubisa"]
[Result "0-1"]
[WhiteElo "2053"]
[BlackElo "2252"]
[PlyCount "50"]
[EventDate "2021.09.18"]
[EventType "team-swiss"]
[EventRounds "7"]
[EventCountry "MKD"]
[SourceTitle "CBM 204 Extra"]
[Source "ChessBase"]
[SourceDate "2021.11.30"]
[SourceVersion "1"]
[SourceVersionDate "2021.11.30"]
[SourceQuality "1"]
[WhiteTeam "Reykjavik"]
[BlackTeam "Gambit Asseco See"]
[WhiteTeamCountry "ISL"]
[BlackTeamCountry "MKD"]

1. e4 c5 2. Nc3 Nc6 3. Bb5 Nd4 4. Bc4 a6 5. Nge2 b5 6. Bd5 Rb8 7. Nxd4 cxd4 8. Ne2 e6 9. Bb3 Bb7 10. d3 Bc5 11. 0-0 Ne7 12. Ng3 0-0 13. Qh5 Rc8 14. f4 g6 15. Qf3 f5 16. h4 Kh8 17. Bd2 fxe4 18. Nxe4 Nf5 19. g3 e5 20. Qg4 Ne3 21. Bxe3 dxe3 22. Nxc5 Rxc5 23. Rae1 Qb6 24. fxe5 Rf2 25. Qd4 Rcxc2 0-1

[Event "EU-Cup 36th"]
[Site "Struga"]
[Date "2021.09.18"]
[Round "1.16"]
[White "Andonovski, Ljubisa"]
[Black "Minovski, Gjorgji"]
[Result "1-0"]
[WhiteElo "2252"]
[BlackElo "1917"]
[PlyCount "82"]
[EventDate "2021.09.18"]
[EventType "team-swiss"]
[EventRounds "7"]
[EventCountry "MKD"]
[SourceTitle "CBM 204 Extra"]
[Source "ChessBase"]
[SourceDate "2021.11.30"]
[SourceVersion "1"]
[SourceVersionDate "2021.11.30"]
[SourceQuality "1"]
[WhiteTeam "Gambit Asseco See"]
[BlackTeam "Wasa"]
[WhiteTeamCountry "MKD"]
[BlackTeamCountry "SWE"]

1. d4 e6 2. c4 d5 3. Nf3 Nf6 4. g3 Be7 5. Bg2 0-0 6. 0-0 b6 7. cxd5 exd5 8. Nc3 Bb7 9. Ne5 Nbd7 10. Qb3 Nxe5 11. dxe5 Ne4 12. Rd1 Nxc3 13. bxc3 c5 14. Bxd5 Qc7 15. Bf4 Bxd5 16. Rxd5 Qc6 17. c4 Rad8 18. Rad1 h6 19. R1d3 g5 20. Bc1 Qe6 21. Bb2 Qg4 22. Qd1 Qc8 23. e4 b5 24. cxb5 c4 25. Rf3 Qg4 26. Qe2 Rc8 27. Bc3 h5 28. Kg2 Kh7 29. h3 Qe6 30. Rf5 Qg6 31. Rd7 Rfe8 32. Rxa7 h4 33. Ra6 Qg7 34. Qh5+ Kg8 35. Rh6 Bb4 36. Bxb4 Rxe5 37. Rh8+ Qxh8 38. Qxg5+ Qg7 39. Rxe5 c3 40. Bxc3 f6 41. Qxg7+ Kxg7 1-0

[Event "FRM-chT 29th"]
[Site "Struga"]
[Date "2021.08.18"]
[Round "4"]
[White "Andonovski, Ljubisa"]
[Black "Cvetkovski, Slobodan"]
[Result "1-0"]
[WhiteElo "2249"]
[BlackElo "1715"]
[PlyCount "99"]
[EventDate "2021.08.15"]
[EventType "team-tourn"]
[EventRounds "7"]
[EventCountry "MKD"]
[SourceTitle "CBM 203 Extra"]
[Source "ChessBase"]
[SourceDate "2021.09.30"]
[SourceVersion "1"]
[SourceVersionDate "2021.09.30"]
[SourceQuality "1"]
[WhiteTeam "Skopje Gambit Asseko"]
[BlackTeam "Skopje Karposh"]
[WhiteTeamCountry "MKD"]
[BlackTeamCountry "MKD"]

1. d4 d5 2. c4 e6 3. Nf3 Nf6 4. Nc3 c6 5. Bg5 Nbd7 6. e3 Be7 7. Qc2 0-0 8. 0-0-0 Re8 9. h4 a6 10. Kb1 b5 11. c5 Qc7 12. Bf4 Qb7 13. Bd3 h6 14. Rdg1 Ng4 15. e4 dxe4 16. Nxe4 Ndf6 17. Nd6 Bxd6 18. Bxd6 Nd5 19. Bh7+ Kh8 20. Be4 f5 21. Bxd5 exd5 22. Re1 Bd7 23. h5 Re4 24. Qd2 Rae8 25. Ne5 Nxe5 26. Bxe5 Rxe1+ 27. Rxe1 Kh7 28. Re3 Qc8 29. Rg3 Re7 30. f4 Be8 31. Rh3 Bf7 32. Qa5 Be8 33. Kc1 Bf7 34. Kd2 Qe8 35. Qxa6 Bxh5 36. Rg3 Bg4 37. Ra3 Bh5 38. Rg3 Bg4 39. Ra3 Bh5 40. Rg3 Bg4 41. Kc3 g5 42. Kb4 gxf4 43. Ra3 Be2 44. Bxf4 Rg7 45. Be5 Rf7 46. Qb6 Re7 47. Ra6 Rxe5 48. dxe5 Qxe5 49. Qb7+ Kg6 50. Qxc6+ 1-0

[Event "EU-ch rapid"]
[Site "Skopje"]
[Date "2018.12.08"]
[Round "2"]
[White "Andonovski, Ljubisa"]
[Black "Bartel, Mateusz"]
[Result "0-1"]
[WhiteElo "2287"]
[BlackElo "2600"]
[PlyCount "57"]
[EventDate "2018.12.08"]
[EventType "swiss (rapid)"]
[EventRounds "13"]
[EventCountry "MKD"]
[SourceTitle "CBM 187 Extra"]
[Source "ChessBase"]
[SourceDate "2018.11.04"]
[SourceVersion "1"]
[SourceVersionDate "2018.11.04"]
[SourceQuality "1"]

1. d4 Nf6 2. Nf3 b6 3. c4 Bb7 4. Nc3 e6 5. a3 g6 6. d5 Bg7 7. g3 exd5 8. cxd5 0-0 9. Bg2 Re8 10. Nd4 d6 11. 0-0 Nbd7 12. e3 Nc5 13. Qc2 a5 14. b3 a4 15. b4 Nb3 16. Nxb3 axb3 17. Qxb3 Ng4 18. Bb2 Qg5 19. h4 Qh5 20. Nb5 g5 21. Bf3 gxh4 22. Bxg4 Qxg4 23. Bxg7 hxg3 24. f3 Qxg7 25. Nxc7 Re5 26. Nxa8 Rh5 27. Qc4 Rh1+ 28. Kxh1 Qh6+ 29. Kg1 0-1

[Event "FRM-chT 16th"]
[Site "Ohrid"]
[Date "2017.07.28"]
[Round "5.5"]
[White "Kalcovski, Lazar"]
[Black "Andonovski, Ljubisa"]
[Result "0-1"]
[WhiteElo "1896"]
[BlackElo "2282"]
[PlyCount "70"]
[EventDate "2017.07.24"]
[EventType "team-tourn"]
[EventRounds "5"]
[EventCountry "MKD"]
[SourceTitle "CBM 179 Extra"]
[Source "ChessBase"]
[SourceDate "2017.08.23"]
[SourceVersion "1"]
[SourceVersionDate "2017.08.23"]
[SourceQuality "1"]
[WhiteTeam "Bitola Noemvri"]
[BlackTeam "Skopje Gambit Asseko"]
[WhiteTeamCountry "MKD"]
[BlackTeamCountry "MKD"]

1. d4 Nf6 2. e3 g6 3. f4 Bg7 4. Nf3 0-0 5. Bd3 c5 6. c3 b6 7. 0-0 Ba6 8. Bxa6 Nxa6 9. b3 Nc7 10. Bb2 Ncd5 11. Qd2 cxd4 12. cxd4 Ne4 13. Qd3 Nef6 14. a3 Rc8 15. Nbd2 d6 16. Rac1 Ng4 17. Rfe1 Rxc1 18. Bxc1 Qc7 19. Bb2 Rc8 20. h3 Ngxe3 21. Rxe3 Nxe3 22. Qxe3 Qc2 23. Nc4 b5 24. Ne1 Qb1 25. Nd2 Qxb2 26. Ndf3 e6 27. Qd3 a6 28. a4 Rc3 29. Qf1 Qxb3 30. axb5 axb5 31. Kh2 Qc4 32. Qf2 b4 33. Qh4 Qc7 34. Qf2 b3 35. Qb2 d5 0-1

[Event "FRM-chT 16th"]
[Site "Ohrid"]
[Date "2017.07.27"]
[Round "4.5"]
[White "Andonovski, Ljubisa"]
[Black "Balov, Darko"]
[Result "1/2-1/2"]
[WhiteElo "2282"]
[BlackElo "2135"]
[PlyCount "109"]
[EventDate "2017.07.24"]
[EventType "team-tourn"]
[EventRounds "5"]
[EventCountry "MKD"]
[SourceTitle "CBM 179 Extra"]
[Source "ChessBase"]
[SourceDate "2017.08.23"]
[SourceVersion "1"]
[SourceVersionDate "2017.08.23"]
[SourceQuality "1"]
[WhiteTeam "Skopje Gambit Asseko"]
[BlackTeam "Prilep"]
[WhiteTeamCountry "MKD"]
[BlackTeamCountry "MKD"]

1. d4 Nf6 2. c4 d6 3. Nf3 g6 4. Nc3 Bg7 5. e4 0-0 6. h3 e5 7. d5 Nbd7 8. Be3 Nc5 9. Nd2 a5 10. g4 Ne8 11. g5 f5 12. h4 f4 13. Bxc5 dxc5 14. Qf3 Nd6 15. 0-0-0 Qe7 16. Nb5 c6 17. Nxd6 Qxd6 18. h5 Rd8 19. Bh3 Qe7 20. hxg6 hxg6 21. Rde1 a4 22. a3 b5 23. dxc6 Qd6 24. Rd1 Qxc6 25. cxb5 Qxb5 26. Nb1 Rd4 27. Nc3 Qb3 28. Bxc8 Rxc8 29. Qe2 Rb8 30. Qc2 Qc4 31. f3 Rb3 32. Rhf1 Bf8 33. Ne2 Qxc2+ 34. Kxc2 Rxd1 35. Kxd1 Rxb2 36. Nc3 Rb3 37. Nxa4 Rxa3 38. Nb6 Ra1+ 39. Ke2 Rxf1 40. Kxf1 Kf7 41. Ke2 Ke6 42. Kd3 Be7 43. Kc4 Bxg5 44. Kxc5 Bh4 45. Kc4 Be1 46. Kd3 Ba5 47. Nc4 Bc7 48. Ke2 Kd7 49. Nd2 Kd6 50. Nf1 Ke6 51. Nh2 Kf6 52. Kf1 Kg5 53. Kg2 Kf6 54. Kf2 Ke6 55. Ke2 1/2-1/2

[Event "FRM-chT 25th"]
[Site "Ohrid"]
[Date "2016.08.11"]
[Round "4.1"]
[White "Kostadinovski, Zoran"]
[Black "Andonovski, Ljubisa"]
[Result "1/2-1/2"]
[WhiteElo "1910"]
[BlackElo "2308"]
[PlyCount "97"]
[EventDate "2016.08.08"]
[EventType "team-tourn"]
[EventRounds "5"]
[EventCountry "MKD"]
[SourceTitle "CBM 173 Extra"]
[Source "ChessBase"]
[SourceDate "2016.08.29"]
[SourceVersion "1"]
[SourceVersionDate "2016.08.29"]
[SourceQuality "1"]
[WhiteTeam "Bitola Noemvri"]
[BlackTeam "Skopje Gambit Asseko"]
[WhiteTeamCountry "MKD"]
[BlackTeamCountry "MKD"]

1. c4 g6 2. g3 Bg7 3. Bg2 Nf6 4. Nc3 0-0 5. e4 c5 6. d3 Nc6 7. Nge2 Ne8 8. Be3 d6 9. Qd2 Nd4 10. 0-0 Nc7 11. Bxd4 cxd4 12. Nb1 Rb8 13. Na3 b5 14. b3 bxc4 15. bxc4 Ne6 16. Rab1 Rb6 17. Bh3 f5 18. exf5 gxf5 19. f4 Bb7 20. Nc2 a5 21. Rxb6 Qxb6 22. Ne1 Nc5 23. Ng2 Qb4 24. Qxb4 axb4 25. Ne1 e6 26. Nc1 Ra8 27. Rf2 d5 28. cxd5 Bxd5 29. Bg2 Bxg2 30. Kxg2 Ra3 31. Rc2 Bf8 32. Rc4 Rc3 33. Rxc3 dxc3 34. Nc2 Na4 35. d4 Nb6 36. Kf2 Kf7 37. Nd3 Nd5 38. Kf3 Bd6 39. h3 h5 40. h4 Ke7 41. Ke2 Kd7 42. Ne5+ Kc7 43. Kd3 Bxe5 44. dxe5 Kb6 45. Nd4 Ka5 46. Kc4 Ka4 47. Nc2 Nb6+ 48. Kc5 Nd5 49. Kc4 1/2-1/2

[Event "FRM-chT 25th"]
[Site "Ohrid"]
[Date "2016.08.08"]
[Round "1.1"]
[White "Nedev, Trajce"]
[Black "Andonovski, Ljubisa"]
[Result "1-0"]
[WhiteElo "2481"]
[BlackElo "2308"]
[PlyCount "135"]
[EventDate "2016.08.08"]
[EventType "team-tourn"]
[EventRounds "5"]
[EventCountry "MKD"]
[SourceTitle "CBM 173 Extra"]
[Source "ChessBase"]
[SourceDate "2016.08.29"]
[SourceVersion "1"]
[SourceVersionDate "2016.08.29"]
[SourceQuality "1"]
[WhiteTeam "Skopje Alkaloid"]
[BlackTeam "Skopje Gambit Asseko"]
[WhiteTeamCountry "MKD"]
[BlackTeamCountry "MKD"]

1. e4 c6 2. d4 d5 3. e5 Bf5 4. Nd2 e6 5. Nb3 Nd7 6. Nf3 h6 7. Be2 Ne7 8. a4 Nc8 9. 0-0 Be7 10. Ne1 0-0 11. Bd3 Bxd3 12. Nxd3 Kh7 13. Re1 Qc7 14. a5 c5 15. dxc5 Nxc5 16. Ndxc5 Bxc5 17. Qd3+ Kg8 18. Qc3 b6 19. Be3 Ne7 20. Nxc5 bxc5 21. Bxc5 Rfc8 22. b4 Nf5 23. a6 Qd8 24. Qd3 Qg5 25. c3 Rc7 26. Ra5 Rac8 27. h3 Nh4 28. Qg3 Qd2 29. Qe3 Qc2 30. Rc1 Qf5 31. Re1 Qc2 32. Rc1 Qf5 33. Kh2 Ng6 34. Re1 Nf4 35. g4 Qg5 36. Kg3 Ng6 37. Qxg5 hxg5 38. Bd4 Nf4 39. Re3 Ng6 40. Rc5 Rxc5 41. Bxc5 Rc6 42. Bxa7 Rxa6 43. Bd4 Ra1 44. Kh2 Rb1 45. Re2 Nf4 46. Ra2 Rb3 47. Kg3 Ng6 48. Ra8+ Kh7 49. Ra7 Kg8 50. Kf3 Rb2 51. Rb7 Nh4+ 52. Kg3 Rb1 53. f4 Ng6 54. fxg5 Re1 55. Kf2 Rb1 56. b5 Nf4 57. h4 Rb2+ 58. Kf3 Ne2 59. Ke3 Nxd4 60. Kxd4 Kh7 61. Rxf7 Rxb5 62. h5 Rb1 63. h6 Rg1 64. Rxg7+ Kh8 65. g6 Rxg4+ 66. Kc5 Rc4+ 67. Kd6 Rxc3 68. Rd7 1-0

[Event "Skopje Karposh op"]
[Site "Skopje"]
[Date "2016.04.04"]
[Round "6"]
[White "Stojanovski, Dejan"]
[Black "Andonovski, Ljubisa"]
[Result "1-0"]
[WhiteElo "2443"]
[BlackElo "2293"]
[PlyCount "75"]
[EventDate "2016.04.01"]
[EventType "swiss"]
[EventRounds "9"]
[EventCountry "MKD"]
[SourceTitle "CBM 171 Extra"]
[Source "ChessBase"]
[SourceDate "2016.04.26"]
[SourceVersion "1"]
[SourceVersionDate "2016.04.26"]
[SourceQuality "1"]

1. e4 c6 2. d4 d5 3. e5 Bf5 4. Nf3 e6 5. Be2 Nd7 6. 0-0 Bg6 7. b3 a6 8. c4 Ne7 9. Nc3 Nf5 10. Bb2 Be7 11. Bd3 0-0 12. Ne2 Nh4 13. Nxh4 Bxh4 14. Bxg6 hxg6 15. g3 Be7 16. Nf4 g5 17. Nd3 a5 18. a4 Qb6 19. Rc1 Rac8 20. Qc2 g6 21. Bc3 c5 22. dxc5 Nxc5 23. cxd5 Qxb3 24. Nxc5 Qxc2 25. Rxc2 Bxc5 26. d6 Bb4 27. Rfc1 Bxc3 28. Rxc3 Rcd8 29. Rc7 f6 30. f4 gxf4 31. gxf4 fxe5 32. fxe5 Rf7 33. Rxf7 Kxf7 34. Rc7+ Kf8 35. Rxb7 Rc8 36. Kg2 Rc2+ 37. Kf3 Rd2 38. Ke4 1-0

[Event "Skopje Karpos Cristmas op"]
[Site "Skopje"]
[Date "2016.01.16"]
[Round "9"]
[White "Andonovski, Ljubisa"]
[Black "Drenchev, Petar"]
[Result "1/2-1/2"]
[WhiteElo "2227"]
[BlackElo "2490"]
[PlyCount "51"]
[EventDate "2016.01.16"]
[EventType "swiss"]
[EventRounds "9"]
[EventCountry "MKD"]
[SourceTitle "CBM 170 Extra"]
[Source "ChessBase"]
[SourceDate "2016.02.25"]
[SourceVersion "1"]
[SourceVersionDate "2016.02.25"]
[SourceQuality "1"]

1. d4 Nf6 2. c4 g6 3. Nc3 d5 4. cxd5 Nxd5 5. e4 Nxc3 6. bxc3 Bg7 7. Be3 c5 8. Nf3 0-0 9. Be2 Nc6 10. 0-0 cxd4 11. cxd4 Bg4 12. d5 Bxf3 13. Bxf3 Na5 14. Rc1 b6 15. Be2 Rc8 16. Qa4 Qd6 17. Bd2 Bb2 18. Rxc8 Rxc8 19. Bxa5 bxa5 20. Qxa5 Bd4 21. Qd2 Qe5 22. Bd3 Rb8 23. Rb1 Rxb1+ 24. Bxb1 Bb6 25. g3 g5 26. Kg2 1/2-1/2

[Event "FRM-chT 24th"]
[Site "Struga"]
[Date "2015.07.26"]
[Round "7"]
[White "Andonovski, Ljubisa"]
[Black "Andreikin, Dmitry"]
[Result "1/2-1/2"]
[WhiteElo "2282"]
[BlackElo "2723"]
[PlyCount "87"]
[EventDate "2015.07.20"]
[EventType "team-tourn"]
[EventRounds "7"]
[EventCountry "MKD"]
[SourceTitle "CBM 167 Extra"]
[Source "ChessBase"]
[SourceDate "2015.09.14"]
[SourceVersion "1"]
[SourceVersionDate "2015.09.14"]
[SourceQuality "1"]
[WhiteTeam "Skopje Gambit Asseko"]
[BlackTeam "Skopje Alkaloid"]
[WhiteTeamCountry "MKD"]
[BlackTeamCountry "MKD"]

1. d4 f5 2. g3 Nf6 3. Bg2 g6 4. Nf3 Bg7 5. 0-0 0-0 6. Nbd2 d6 7. Re1 Ne4 8. Nxe4 fxe4 9. Ng5 d5 10. f3 Nc6 11. c3 exf3 12. exf3 e5 13. dxe5 h6 14. Nh3 Nxe5 15. Nf4 c6 16. Rxe5 Bxe5 17. Nxg6 Re8 18. Nxe5 Rxe5 19. Bxh6 Qb6+ 20. Qd4 Re2 21. b3 Bf5 22. Bf1 Rc2 23. Be3 Re8 24. Bf2 Qxd4 25. cxd4 Rc3 26. g4 Bh7 27. Kg2 Rf8 28. Be2 Rc2 29. Bd1 Rd2 30. Kg3 Be4 31. Be1 Rd3 32. Be2 Re3 33. Kf2 Rxe2+ 34. Kxe2 Bxf3+ 35. Kd2 Bxg4 36. Bg3 Bf5 37. Rf1 Kh7 38. Be5 Rf7 39. Kc3 Kg6 40. Rg1+ Kh7 41. Rf1 Kg6 42. Rg1+ Kh6 43. Rf1 Kg6 44. Rg1+ 1/2-1/2

[Event "FRM-chT 24th"]
[Site "Struga"]
[Date "2015.07.24"]
[Round "5"]
[White "Selkovski, Zarko"]
[Black "Andonovski, Ljubisa"]
[Result "0-1"]
[WhiteElo "2015"]
[BlackElo "2282"]
[PlyCount "76"]
[EventDate "2015.07.20"]
[EventType "team-tourn"]
[EventRounds "7"]
[EventCountry "MKD"]
[SourceTitle "CBM 167 Extra"]
[Source "ChessBase"]
[SourceDate "2015.09.14"]
[SourceVersion "1"]
[SourceVersionDate "2015.09.14"]
[SourceQuality "1"]
[WhiteTeam "Bitola Noemvri"]
[BlackTeam "Skopje Gambit Asseko"]
[WhiteTeamCountry "MKD"]
[BlackTeamCountry "MKD"]

1. e4 c5 2. Nf3 e6 3. d4 cxd4 4. Nxd4 Nc6 5. a3 Nf6 6. Nc3 d6 7. Be3 Bd7 8. Be2 Be7 9. f3 a6 10. Qd2 Nxd4 11. Bxd4 0-0 12. 0-0 Bc6 13. Rad1 Rc8 14. Bc4 b5 15. Bb3 Nd7 16. Qf2 a5 17. a4 bxa4 18. Bxa4 Bxa4 19. Nxa4 Qc7 20. Nc3 Rb8 21. Rd2 Ne5 22. Qg3 g6 23. b3 Nc6 24. Be3 Rfc8 25. Qf2 Ne5 26. Na4 Qc6 27. Nb2 Bf6 28. Bd4 Bg7 29. Qe2 Rb4 30. Rfd1 Bh6 31. Be3 Bf8 32. Nd3 Nxd3 33. Qxd3 a4 34. bxa4 Qxa4 35. Bf4 d5 36. exd5 Rxf4 37. dxe6 fxe6 38. Re2 Bc5+ 0-1

[Event "FRM-chT 24th"]
[Site "Struga"]
[Date "2015.07.20"]
[Round "1"]
[White "Hadzi Manev, Ljubomir"]
[Black "Andonovski, Ljubisa"]
[Result "0-1"]
[WhiteElo "2003"]
[BlackElo "2282"]
[PlyCount "80"]
[EventDate "2015.07.20"]
[EventType "team-tourn"]
[EventRounds "7"]
[EventCountry "MKD"]
[SourceTitle "CBM 167 Extra"]
[Source "ChessBase"]
[SourceDate "2015.09.14"]
[SourceVersion "1"]
[SourceVersionDate "2015.09.14"]
[SourceQuality "1"]
[WhiteTeam "Skopje Karposh"]
[BlackTeam "Skopje Gambit Asseko"]
[WhiteTeamCountry "MKD"]
[BlackTeamCountry "MKD"]

1. d4 Nf6 2. Bg5 c5 3. d5 Ne4 4. Bf4 Qb6 5. Qc1 g6 6. f3 Bg7 7. c3 Nf6 8. e4 e6 9. Bc4 exd5 10. exd5 0-0 11. Ne2 Re8 12. 0-0 d6 13. a4 Nbd7 14. a5 Qc7 15. Ng3 a6 16. Nd2 Ne5 17. Bxe5 Rxe5 18. Nde4 Bd7 19. Qf4 Ne8 20. Rfe1 Bb5 21. Nd2 f5 22. Rxe5 Bxe5 23. Qxe5 dxe5 24. d6+ Qf7 25. Bxf7+ Kxf7 26. Nb3 Rc8 27. c4 Bd7 28. Rd1 Nf6 29. Ne2 Ba4 30. Nec1 Ke6 31. g4 Rc6 32. g5 Nd7 33. Rd5 Rxd6 34. Kf2 Rxd5 35. cxd5+ Kxd5 36. Nd2 Nb8 37. Na2 Bb5 38. Nc3+ Kd6 39. h4 Nc6 40. f4 exf4 0-1

[Event "Skopje Karposh op"]
[Site "Skopje"]
[Date "2015.04.03"]
[Round "9"]
[White "Andonovski, Ljubisa"]
[Black "Kosic, Dragan"]
[Result "0-1"]
[WhiteElo "2290"]
[BlackElo "2478"]
[PlyCount "80"]
[EventDate "2015.03.27"]
[EventType "swiss"]
[EventRounds "9"]
[EventCountry "MKD"]
[SourceTitle "CBM 165 Extra"]
[Source "ChessBase"]
[SourceDate "2015.04.21"]
[SourceVersion "1"]
[SourceVersionDate "2015.04.21"]
[SourceQuality "1"]

1. d4 Nf6 2. c4 e6 3. Nf3 Bb4+ 4. Bd2 a5 5. Nc3 d5 6. cxd5 exd5 7. Bg5 0-0 8. e3 c6 9. Bd3 h6 10. Bh4 Nbd7 11. Ne5 Be7 12. f4 Ne8 13. Bf2 Nd6 14. g4 Nxe5 15. dxe5 Ne4 16. Bxe4 dxe4 17. f5 Bb4 18. 0-0 Bxc3 19. bxc3 b6 20. Qd4 Ba6 21. Rfb1 Rb8 22. Qxe4 Bd3 23. Qxc6 Bxb1 24. Rxb1 Qd3 25. Rf1 Rfc8 26. Qf3 Rxc3 27. f6 Re8 28. fxg7 Qg6 29. Bg3 Rc2 30. Qb7 Rxa2 31. e4 Qxg7 32. Qxb6 Qxg4 33. Qxh6 Qxe4 34. Qg5+ Qg6 35. Qf4 Rc8 36. Qd4 Qe6 37. Qf4 Qb6+ 38. Bf2 Qg6+ 39. Bg3 Rcc2 40. e6 Rg2+ 0-1

[Event "Skopje Karposh op"]
[Site "Skopje"]
[Date "2015.04.01"]
[Round "7"]
[White "Andonovski, Ljubisa"]
[Black "Kanmazalp, Ogulcan"]
[Result "0-1"]
[WhiteElo "2290"]
[BlackElo "2458"]
[PlyCount "188"]
[EventDate "2015.03.27"]
[EventType "swiss"]
[EventRounds "9"]
[EventCountry "MKD"]
[SourceTitle "CBM 165 Extra"]
[Source "ChessBase"]
[SourceDate "2015.04.21"]
[SourceVersion "1"]
[SourceVersionDate "2015.04.21"]
[SourceQuality "1"]

1. d4 d5 2. c4 e6 3. Nf3 c6 4. e3 Nf6 5. Nc3 Nbd7 6. Qc2 Bd6 7. Be2 0-0 8. 0-0 dxc4 9. Bxc4 a6 10. Ne4 Nxe4 11. Qxe4 c5 12. Bd3 g6 13. Rd1 Qe7 14. Be2 e5 15. b3 Nf6 16. Qh4 e4 17. Ne5 cxd4 18. exd4 Nd5 19. Qxe7 Bxe7 20. Bh6 Re8 21. Bc4 Be6 22. f3 exf3 23. Nxf3 b5 24. Bd3 f6 25. Bd2 Ba3 26. Bc1 Bd6 27. Bd2 Ba3 28. Bc1 Bd6 29. Bd2 Rec8 30. Re1 Bf7 31. a4 Nb4 32. Be4 Rab8 33. axb5 axb5 34. Rec1 f5 35. Rxc8+ Rxc8 36. Bxb4 Bxb4 37. Bd3 Bc3 38. Rb1 b4 39. Kf2 Kg7 40. Bb5 Kf6 41. Ke3 Bd5 42. Ba4 g5 43. g3 Bxf3 44. Kxf3 Bxd4 45. Rd1 Rc3+ 46. Ke2 Re3+ 47. Kf1 Rf3+ 48. Ke2 Rf2+ 49. Ke1 Be3 50. Rd6+ Ke5 51. Rh6 Rb2 52. Rxh7 f4 53. gxf4+ gxf4 54. Re7+ Kf6 55. Re8 Rxh2 56. Bc6 Rb2 57. Bd5 Kf5 58. Kf1 Kg4 59. Rg8+ Kf5 60. Re8 Rd2 61. Bc6 Kg5 62. Rg8+ Kf6 63. Rb8 Rf2+ 64. Ke1 Rb2 65. Ba4 Kf7 66. Rb5 Ke6 67. Rb8 Kf5 68. Rf8+ Ke4 69. Re8+ Kd4 70. Rd8+ Ke4 71. Re8+ Kd3 72. Bb5+ Kd4 73. Rd8+ Kc5 74. Bc4 f3 75. Kd1 Rb1+ 76. Kc2 Rc1+ 77. Kb2 f2 78. Rd5+ Kc6 79. Rf5 Rc3 80. Kb1 Bd4 81. Rf4 Rxc4 82. bxc4 Kc5 83. Kc2 Kxc4 84. Rf3 b3+ 85. Kb1 Be3 86. Rf5 Kc3 87. Rf3 Kc4 88. Rf5 Bc5 89. Rf4+ Bd4 90. Rf3 Kd5 91. Kc1 Be3+ 92. Kb2 Kc4 93. Ka3 Bc1+ 94. Ka4 b2 0-1

[Event "Skopje Karposh op"]
[Site "Skopje"]
[Date "2015.03.29"]
[Round "4"]
[White "Andonovski, Ljubisa"]
[Black "Garabetyan, Arno"]
[Result "1-0"]
[WhiteElo "2290"]
[BlackElo "2035"]
[PlyCount "79"]
[EventDate "2015.03.27"]
[EventType "swiss"]
[EventRounds "9"]
[EventCountry "MKD"]
[SourceTitle "CBM 165 Extra"]
[Source "ChessBase"]
[SourceDate "2015.04.21"]
[SourceVersion "1"]
[SourceVersionDate "2015.04.21"]
[SourceQuality "1"]

1. d4 Nf6 2. c4 d6 3. Nf3 g6 4. Nc3 Bf5 5. Nh4 Bd7 6. e4 c5 7. d5 Bg7 8. Nf3 0-0 9. h3 e6 10. Bd3 exd5 11. exd5 Re8+ 12. Be3 b5 13. cxb5 a6 14. bxa6 Nxa6 15. 0-0 Nb4 16. Bc4 Ne4 17. Nxe4 Rxe4 18. Qe2 Qa5 19. Ng5 Rxc4 20. Qxc4 Bb5 21. Qf4 Qc7 22. Rfd1 Nd3 23. Qh4 h6 24. Ne4 g5 25. Qg3 Be5 26. Qf3 Kg7 27. h4 f6 28. Ng3 Nxb2 29. Nf5+ Kh8 30. Nxh6 Nxd1 31. Rxd1 gxh4 32. Bf4 Be2 33. Qxe2 Bxf4 34. Nf5 Qh7 35. Qe6 Qg6 36. Nxh4 Qh6 37. g3 Rg8 38. Nf5 Qh5 39. Qxf6+ Kh7 40. Re1 1-0